LEADER 01356nam a2200277 i 4500 001 000000144331 003 CaOOAMICUS 005 20051026000000.0 008 051026s1974 gw u000 u ger u 013 $a119689 020 $a3-445-01072-2 040 $aSeMil$bita 100 1 $aKöchler, Hans.$0(OLS)http://semarc/name/57465 245 14$aDer innere Bezug von Anthropologie und Ontologie :$b(das Problem der Anthropologie im Denken Martin Heideggers) /$cHans Köchler. 260 $aMeisenheim am Glan :$bA. Hain,$c1974. 300 $a83 p. ;$c23 cm. 490 0 $aBeihefte zur Zeitschrift für philosophische Forschung ;$vHeft30 500 $aContiene : Literatur. 600 14$aHeidegger, Martin <1889-1976>.$0(OLS)http://semarc/subject/986 650 4$aAntropologia filosofica.$0(OLS)http://semarc/subject/976 830 0$aBeihefte zur Zeitschrift für philosophische Forschung ;$vHeft30.$0(OLS)http://semarc/title/19311 850 $aSeMil 852 $aSeMil$W1$xVenegono$y1$m2R IV 279$j97270$B97270$CSeMilBibl$Z2$F104947 $81 996 $6020$a3-445-01072-2$9(OLS)http://semarc/number/132728 996 $6245$aDer innere Bezug von Anthropologie und Ontologie :$b(das Problem der Anthropologie im Denken Martin Heideggers)$9(OLS)http://semarc/title/211116 996 $6260$aMeisenheim am Glan :$bA. Hain$9(OLS)http://semarc/publisher/33869 LEADER 01071nam a2200265 i 4500 001 000000137970 003 CaOOAMICUS 005 20050426000000.0 008 050426s2001 it u000 u ita u 013 $a111865 020 $a88-7610-954-4 040 $aSeMil$bita 100 1 $aOrsatti, Mauro <1949- >.$0(OLS)http://semarc/name/42453 245 10$aSolo l'amore basta :$bMeditazioni sul Vangelo di Matteo /$cMauro Orsatti. 260 $aMilano :$bÀncora,$ccopyr. 2001. 300 $a253 p. ;$c21 cm. 490 0 $aIn cammino 650 4$aBibbia - NT - Matteo - Meditazioni.$0(OLS)http://semarc/subject/291 830 0$aIn cammino.$0(OLS)http://semarc/title/9144 850 $aSeMil 852 $aSeMil$W1$xVenegono$y1$m3F II 896$j91481$B91481$CSeMilBibl$Z2$F96920 $81 961 $aRecupero: Seminario di Seveso 996 $6020$a88-7610-954-4$9(OLS)http://semarc/number/125817 996 $6245$aSolo l'amore basta :$bMeditazioni sul Vangelo di Matteo$9(OLS)http://semarc/title/201627 996 $6260$aMilano :$bÀncora$9(OLS)http://semarc/publisher/29763